|
|
|
|
| LEADER |
00000nam a2200000 a 4500 |
| 001 |
vtls008628844 |
| 003 |
SK-MaSNL |
| 005 |
20260301205415.0 |
| 008 |
240314s2002 xr f 000 0 cze |
| 020 |
|
|
|a 8072621041
|q (viaz.)
|
| 040 |
|
|
|a SNK
|b slo
|c SNK
|e AACR2
|
| 041 |
0 |
|
|a cze
|
| 044 |
|
|
|a xr
|c CZ
|
| 072 |
|
7 |
|a 616.89
|x Psychiatria
|2 konspekt
|
| 080 |
|
|
|a 616.89
|2 2001
|
| 080 |
|
|
|a 17
|2 2001
|
| 080 |
|
|
|a 614.253
|2 2001
|
| 080 |
|
|
|a (048.8)
|2 2001
|
| 100 |
1 |
|
|a Baudiš, Pavel,
|d 1930-
|4 aut
|9 591478
|
| 245 |
1 |
0 |
|a Psychiatrie a etika
|c Pavel Baudiš, Jan Libiger
|
| 250 |
|
|
|a 1. vyd.
|
| 260 |
|
|
|a Praha
|b Galén
|c c2002
|
| 300 |
|
|
|a 156 s.
|c 24 cm
|
| 504 |
|
|
|a Obsahuje bibliogr. a bibliogr. odkazy
|
| 650 |
0 |
7 |
|a lekárska etika
|2 SNKPH
|9 794
|
| 650 |
0 |
7 |
|a psychiatria
|x etické a morálne aspekty
|2 SNKPH
|9 591479
|
| 655 |
|
7 |
|a monografie
|2 SNKPH
|9 70139
|
| 700 |
1 |
|
|a Libiger, Jan,
|d 1948-
|4 aut
|9 85503
|
| 919 |
|
|
|a 80-7262-104-1
|
| 999 |
|
|
|c 909983
|d 911913
|
| 952 |
|
|
|t snkPSY 616.89:614.2
|a SNKUST
|b SNKUST
|y PREZ
|7 0
|p 17A0501479
|o snkIC 133113
|i snk2006/6022
|8 4
|g 20.35
|3 vrátiť do študovne
|0 0
|1 0
|4 0
|d 2006-03-07
|l 0
|r 2025-04-30 00:00:00
|w 2026-02-24
|